| 000 | 00000nam##2200000za#4500 |
| 001 | 9.602675 |
| 003 | CaOODSP |
| 005 | 20210624210705 |
| 007 | cr ||||||||||| |
| 008 | 150406|2001||||xxc|||||o f|0| 0 fre|d |
| 040 | |aCaOODSP|bfre |
| 043 | |an-cn--- |
| 086 | 1 |aNH18-22/101-122F-PDF |
| 110 | 2 |aSociété canadienne d'hypothèques et de logement. |
| 245 | 10|aInfiltrations d'air dans les maisons canadiennes en provenance des garages attenants |h[ressource électronique] |
| 260 | |aOttawa - Ontario : |bSociété canadienne d'hypothèques et de logement |c[2001]. |
| 300 | |a4p.|bgraphique, tableau |
| 490 | 1 |aLe point en recherche. Série technique |v01-122 |
| 590 | |a11-29-Supp|b2011-11-25 |
| 691 | 07|aLogement|2gcpds |
| 691 | 07|aPollution atmosphérique|2gcpds |
| 775 | 08|tAir infiltration from attached garages in Canadian houses |w(CaOODSP)9.572297 |
| 776 | 0#|tInfiltration d'air dans les maisons canadiennes en provenance des garages attenants |w(CaOODSP)9.625814 |
| 830 | #0|aLe point en recherche. Série technique ;|v01-122|w(CaOODSP)9.501067 |
| 856 | 40|ahttp://publications.gc.ca|qPDF|s130 Ko|uhttps://publications.gc.ca/collections/Collection/NH18-22-101-122F.pdf|y01-122 |